Return of the mummy / (Record no. 2830)

MARC details
000 -LEADER
fixed length control field 01475cam a22003613a 4500
001 - CONTROL NUMBER
control field 2830
003 - CONTROL NUMBER IDENTIFIER
control field FISKH
005 - DATE AND TIME OF LATEST TRANSACTION
control field 20240116143252.0
008 - FIXED-LENGTH DATA ELEMENTS--GENERAL INFORMATION
fixed length control field 940723s1994 nyu j 000 1 eng d
010 ## - LIBRARY OF CONGRESS CONTROL NUMBER
LC control number 2003586885
020 ## - INTERNATIONAL STANDARD BOOK NUMBER
International Standard Book Number 0590477455
020 ## - INTERNATIONAL STANDARD BOOK NUMBER
International Standard Book Number 9781407157467
035 ## - SYSTEM CONTROL NUMBER
System control number (OCoLC)ocm30821831
040 ## - CATALOGING SOURCE
Original cataloging agency BIB
Transcribing agency BIB
Modifying agency SLC
-- DLC
Language of cataloging eng
042 ## - AUTHENTICATION CODE
Authentication code lccopycat
050 00 - LIBRARY OF CONGRESS CALL NUMBER
Classification number CPB Box no. 2029 vol. 9
082 ## - DEWEY DECIMAL CLASSIFICATION NUMBER
Classification number 813.6
100 1# - MAIN ENTRY--PERSONAL NAME
Personal name Stine, R. L.
245 10 - TITLE STATEMENT
Title Return of the mummy /
Statement of responsibility, etc. R.L. Stine.
250 ## - EDITION STATEMENT
Edition statement This Edition published in 2015
260 ## - PUBLICATION, DISTRIBUTION, ETC.
Place of publication, distribution, etc. New York :
Name of publisher, distributor, etc. Scholastic ,
Date of publication, distribution, etc. 1994.
300 ## - PHYSICAL DESCRIPTION
Extent 118 p. ;
Dimensions 20 cm.
490 1# - SERIES STATEMENT
Series statement Goosebumps ;
Volume/sequential designation Book 23
505 ## - FORMATTED CONTENTS NOTE
Formatted contents note N<br/>
520 ## - SUMMARY, ETC.
Summary, etc. Get Goosebumps with the startling repackage of a best selling classic. Now with bonus materials! After last year's scary adventure, Gabe's a little nervous about being back in Egypt. Back near the ancient pyramids. Back where he saw all those creepy mummies. Then he learns about an Egyptian superstition. A secret chant that is supposed to bring mummies back to life. Gabe's uncle says it's just a hoax. But now it sounds like something's moving in the mummy's tomb. No way a couple of dumb words can wake the dead.
521 8# - TARGET AUDIENCE NOTE
Target audience note 560<br/>
Source Lexile<br/>
521 8# - TARGET AUDIENCE NOTE
Target audience note N<br/>
Source Raz-Plus<br/>
650 #0 - SUBJECT ADDED ENTRY--TOPICAL TERM
Topical term or geographic name entry element Horror Tales.
655 #7 - INDEX TERM--GENRE/FORM
Genre/form data or focus term Fantasy fiction.
Source of term gsafd
655 #7 - INDEX TERM--GENRE/FORM
Genre/form data or focus term Horror fiction.
Source of term gsafd
906 ## - LOCAL DATA ELEMENT F, LDF (RLIN)
a 7
b cbc
c copycat
d 2
e ncip
f 20
g y-genrareb
942 ## - ADDED ENTRY ELEMENTS (KOHA)
Source of classification or shelving scheme Dewey Decimal Classification
Koha item type Books
Suppress in OPAC No
Holdings
Withdrawn status Lost status Source of classification or shelving scheme Damaged status Not for loan Collection Home library Current library Shelving location Date acquired Total Checkouts Full call number Barcode Date last seen Copy number Price effective from Koha item type
    Dewey Decimal Classification     Juvenile Fiction Footprints International School Library Network Toul Kork Campus Footprints International School Library Network Toul Kork Campus TK Primary Library Room(4th Floor), Bookcase 3&4, Shelves 17-32, Yellow Books 01/16/2024   STI 813.6 PZ7.S86037 FISTK05253 01/16/2024 1 01/16/2024 Books
    Dewey Decimal Classification     Juvenile Fiction Footprints International School Library Network Toul Kork Campus Footprints International School Library Network Toul Kork Campus TK Primary Library Room(4th Floor), Bookcase 3&4, Shelves 17-32, Yellow Books 08/28/2025   STI 813.6 PZ7.S86037 FISTKG5A056 08/28/2025 2 08/28/2025 Books